Manuel belgrano, 1816 : unidad e independencia americana /

Guardado en:
Formato: Libro
Publicado: Buenos Aires : Instituto Nacional Belgraniano, 2016
Materias:
Etiquetas: Agregar Etiqueta
Sin Etiquetas, Sea el primero en etiquetar este registro!
LEADER 00608nam a22001815a 4500
001 EHU.bham044503
003 AR-BHAM
005 20161222134033.0
008 130507s2016##################000#0#####d
020 |a 9789874569950 
082 9 8 |a 982.03 
245 0 0 |a Manuel belgrano, 1816 :  |b unidad e independencia americana /  |c  Cristina Minutolo De Orsi 
260 |a Buenos Aires :  |b Instituto Nacional Belgraniano,  |c 2016 
300 |a 359 p. 
600 1 4 |a Belgrano, Manuel 
653 |a Historia argentina-independencia 
653 |a Independencia argentina 
859 |a AR-BHAM  |b BIB. HUMANIDADES - General  |h 982.03  |i M668  |p 760.16  |t Ej.1